LEADER 00920nam a2200205 i 4500 001 000000070073 003 CaOOAMICUS 005 20220628142626.0 008 130701s1687 ne u000 u lat u 013 $a41245 026 $ao-od S.7. ise- luho (3) 1682 (R) 040 $aSeMil$bita 245 10$aPars 1. 300 $a[8], 383, [1] p. 500 $aSegn.: *4 A-3B4 773 0 $aDescartes, René <1596-1650>$tRenati Descartes Epistolae, partim ab auctore latino sermone conscriptae, partim ex gallico translatae. In quibus omnis generis quaestiones philosophicae tractantur, et explicantur plurimae difficultates quae in reliquis ejus operibus occurrunt.$dAmstelodami : Ex Typographia Blaviana, 1682-1683.$g1$w()12521 850 $aSeMil 852 $aSeMil$W1$xVenegono$y1$m2P II 7 FA$j36226$B36226$CSeMilBibl$Z2$F36229 $8I 996 $6245$aPars 1$9(OLS)http://semarc/title/55907 LEADER 00973nam a2200241 i 4500 001 000000123165 003 CaOOAMICUS 005 20220214123848.0 008 040217s1961 it u000 u ita u 013 $a95861 040 $aSeMil$bita 100 1 $aMarvardi, Umberto,$d<1903-1990>.$0(OLS)http://semarc/name/51166 245 13$aLa poesia religiosa del Petrarca volgare /$cUmberto Marvardi. 264 1$aRoma :$bStudium,$cstampa 1961. 300 $a93 p. ;$c21 cm. 500 $aErrata corrige alleg. 650 4$aPetrarca, Francesco <1304-1374> . Canzoniere.$0(OLS)http://semarc/subject/3944 650 4$aPoesia religiosa.$0(OLS)http://semarc/subject/6824 850 $aSeMil 852 $aSeMil$W1$xVenegono$y1$m1O II 248$j212344$B225592$CSeMilBibl$Z2$F225592 $81 996 $6245$aLa poesia religiosa del Petrarca volgare$9(OLS)http://semarc/title/181241 996 $6264$aRoma :$bStudium$9(OLS)http://semarc/publisher/29617